[Event "CZE-chT2A 0910"]
[Site "Czech Republic"]
[Date "2009.10.18"]
[Round "1.2"]
[White "Vasicek, Martin"]
[Black "Spal, Milan"]
[Result "1/2-1/2"]
[WhiteElo "2147"]
[BlackElo "2279"]
[PlyCount "186"]
[EventDate "2009.10.18"]
[EventType "team-tourn"]
[EventRounds "11"]
[EventCountry "CZE"]
[SourceTitle "EXT 2012"]
[Source "ChessBase"]
[SourceDate "2011.11.24"]
[SourceVersion "1"]
[SourceVersionDate "2011.11.24"]
[SourceQuality "1"]
[WhiteTeam "Domazlice"]
[BlackTeam "Pisek Platan"]
[WhiteTeamCountry "CZE"]
[BlackTeamCountry "CZE"]

1. d4 c5 2. c3 Nf6 3. Nf3 b6 4. dxc5 bxc5 5. e4 Bb7 6. Bc4 e6 7. e5 Nd5 8. 0-0 Nb6 9. Na3 Be7 10. Re1 0-0 11. Bd3 f6 12. Qc2 Bxf3 13. Bxh7+ Kh8 14. gxf3 f5 15. Bg6 c4 16. f4 Bxa3 17. Re3 Qh4 18. bxa3 Nc6 19. Kg2 Kg8 20. Rh3 Qg4+ 21. Rg3 Qh4 22. Be3 Nd5 23. Qd2 Nce7 24. Rg1 Nxg6 25. Rxg6 Kf7 26. Kh1 Rg8 27. Qd1 Qh7 28. Qa4 Rad8 29. Qxc4 Qh5 30. Qf1 Qf3+ 31. Qg2 Qxg2+ 32. R6xg2 Rc8 33. Rc1 Rc4 34. Rgg1 a6 35. Rgd1 Rgc8 36. Bd4 Nxf4 37. Rb1 Nd5 38. Rb7 R8c7 39. Rdb1 g5 40. h3 Nf4 41. Kh2 Ne2 42. Rxc7 Rxc7 43. Rb6 Rc6 44. Rb7 Ke7 45. Rb8 Nxc3 46. Rg8 Nb5 47. Be3 f4 48. Bd2 Rc2 49. Bb4+ Kf7 50. Rxg5 Rxf2+ 51. Kg1 Rxa2 52. Rg4 f3 53. Rf4+ Kg6 54. Rxf3 Re2 55. Rd3 Rxe5 56. Rxd7 Re4 57. Rd8 Rc4 58. Ra8 Rc6 59. Kf2 Kf5 60. Ke3 Nxa3 61. Rf8+ Ke5 62. Kd3 Nb5 63. h4 Rc7 64. Ra8 Rd7+ 65. Ke3 Nc7 66. Bc3+ Kd6 67. Rh8 Nd5+ 68. Kd3 Nxc3 69. Kxc3 Kd5 70. Ra8 Rd6 71. Kd3 Ke5+ 72. Ke3 Rb6 73. h5 Kf5 74. Rg8 Rb3+ 75. Ke2 a5 76. h6 Rh3 77. Ra8 Rxh6 78. Rxa5+ e5 79. Ra4 Rh2+ 80. Kf3 Rb2 81. Ke3 Rb3+ 82. Ke2 Rb7 83. Rc4 Ra7 84. Rb4 Ra2+ 85. Ke3 Ra3+ 86. Ke2 Kg5 87. Re4 Ra5 88. Rb4 Kf5 89. Ke3 Ra2 90. Rc4 Rh2 91. Ra4 Rh3+ 92. Ke2 e4 93. Ra8 Rh2+ 1/2-1/2

[Event "Tabor op"]
[Site "Tabor"]
[Date "2009.08.08"]
[Round "8"]
[White "Spal, Milan"]
[Black "Janda, Jiri"]
[Result "1-0"]
[WhiteElo "2279"]
[BlackElo "2202"]
[PlyCount "67"]
[EventDate "2009.08.02"]
[EventType "swiss"]
[EventRounds "9"]
[EventCountry "CZE"]
[SourceTitle "CBM 131 Extra"]
[Source "ChessBase"]
[SourceDate "2009.09.03"]
[SourceVersion "2"]
[SourceVersionDate "2009.09.16"]
[SourceQuality "1"]

1. e4 c5 2. Nc3 Nc6 3. Bb5 Nd4 4. Bc4 g6 5. Nf3 Bg7 6. Nxd4 cxd4 7. Qf3 Nh6 8. Ne2 0-0 9. d3 Ng4 10. Bxf7+ Rxf7 11. Qxg4 Qc7 12. Ng3 Qxc2 13. Qe2 Qa4 14. 0-0 e5 15. b3 Qa6 16. f4 d6 17. Bd2 Bd7 18. f5 Raf8 19. a4 gxf5 20. exf5 d5 21. Bb4 Re8 22. Nh5 Bxf5 23. Nxg7 Bxd3 24. Qh5 Bg6 25. Qg5 Rxf1+ 26. Rxf1 Kxg7 27. Bd2 Qe6 28. Qh6+ Kg8 29. Bb4 Bf7 30. Rf6 Qg4 31. Rf3 Qg7 32. Qd6 Rc8 33. Rg3 Bg6 34. Qe6+ 1-0

[Event "CZE-chT2A 0809"]
[Site "Czech Republic"]
[Date "2009.03.22"]
[Round "10.2"]
[White "Spal, Milan"]
[Black "Pinc, Miroslav"]
[Result "0-1"]
[WhiteElo "2255"]
[BlackElo "2188"]
[PlyCount "88"]
[EventDate "2008.10.12"]
[EventType "team-tourn"]
[EventRounds "11"]
[EventCountry "CZE"]
[SourceTitle "EXT 2010"]
[Source "ChessBase"]
[SourceDate "2010.11.25"]
[SourceVersion "1"]
[SourceVersionDate "2010.11.25"]
[SourceQuality "1"]
[WhiteTeam "Pisek Platan"]
[BlackTeam "Pribram Pyrit"]
[WhiteTeamCountry "CZE"]
[BlackTeamCountry "CZE"]

1. e4 d6 2. d4 Nf6 3. Nc3 g6 4. Be3 c6 5. Qd2 Qc7 6. Nf3 Nbd7 7. h3 b5 8. Bd3 a6 9. Ne2 Bb7 10. c3 e5 11. Ng3 h6 12. 0-0 Bg7 13. a4 Kf8 14. Nh2 Kg8 15. f4 Kh7 16. Nf3 Rae8 17. Kh1 Rhf8 18. fxe5 dxe5 19. dxe5 Nxe5 20. Nxe5 Qxe5 21. Bf4 Qe6 22. e5 Nd5 23. Nh5 Nxf4 24. Nxf4 Qxe5 25. Qc2 Qg5 26. Rf2 Re3 27. Raf1 Rfe8 28. Kg1 Re1 29. Rxe1 Rxe1+ 30. Bf1 Re7 31. Qd3 bxa4 32. Qc4 c5 33. Nd3 Rc7 34. Qxa4 c4 35. Ne1 Bf8 36. Nf3 Qe3 37. Nd4 Bd6 38. Ne2 Bc5 39. Nd4 Bd6 40. Ne2 Qe5 41. Rf4 Qc5+ 42. Rf2 Bh2+ 43. Kxh2 Qxf2 44. Qd1 Re7 0-1

[Event "CZE-chT2A 0809"]
[Site "Czech Republic"]
[Date "2009.02.08"]
[Round "8.2"]
[White "Cesal, Jaroslav"]
[Black "Spal, Milan"]
[Result "1-0"]
[WhiteElo "2235"]
[BlackElo "2255"]
[PlyCount "69"]
[EventDate "2008.10.12"]
[EventType "team-tourn"]
[EventRounds "11"]
[EventCountry "CZE"]
[SourceTitle "EXT 2010"]
[Source "ChessBase"]
[SourceDate "2010.11.25"]
[SourceVersion "1"]
[SourceVersionDate "2010.11.25"]
[SourceQuality "1"]
[WhiteTeam "Kozolupy"]
[BlackTeam "Pisek Platan"]
[WhiteTeamCountry "CZE"]
[BlackTeamCountry "CZE"]

1. d4 c5 2. c3 Nf6 3. Nf3 b6 4. dxc5 bxc5 5. e4 e6 6. e5 Nd5 7. Bg5 Qc7 8. Na3 Nc6 9. Qe2 a5 10. Qe4 a4 11. Rd1 Bb7 12. Bd3 Na5 13. Qe2 c4 14. Nxc4 Nxc4 15. Bxc4 a3 16. 0-0 axb2 17. Qxb2 Ba3 18. Qb3 0-0 19. Rd4 Rfb8 20. Qc2 Bf8 21. Rh4 g6 22. Rd1 Bg7 23. Bb3 Qxc3 24. Qe2 Ba6 25. Qe4 Rb4 26. Nd4 Qb2 27. Bc1 Qa1 28. Ba3 Qc3 29. Bxb4 Qxb4 30. Bxd5 exd5 31. Qxd5 Re8 32. Nf5 Qc3 33. Nxg7 Rxe5 34. Qa8+ Kxg7 35. Qxa6 1-0

[Event "CZE-chT2A 0809"]
[Site "Czech Republic"]
[Date "2009.01.25"]
[Round "7.2"]
[White "Spal, Milan"]
[Black "Jandecka, Tomas"]
[Result "1-0"]
[WhiteElo "2255"]
[BlackElo "2214"]
[PlyCount "203"]
[EventDate "2008.10.12"]
[EventType "team-tourn"]
[EventRounds "11"]
[EventCountry "CZE"]
[SourceTitle "EXT 2010"]
[Source "ChessBase"]
[SourceDate "2010.11.25"]
[SourceVersion "1"]
[SourceVersionDate "2010.11.25"]
[SourceQuality "1"]
[WhiteTeam "Pisek Platan"]
[BlackTeam "Zizkov"]
[WhiteTeamCountry "CZE"]
[BlackTeamCountry "CZE"]

1. e4 d5 2. exd5 Nf6 3. Bb5+ Bd7 4. Be2 Nxd5 5. d4 Bf5 6. Nf3 Nc6 7. 0-0 e6 8. a3 Be7 9. b4 Bf6 10. b5 Nb8 11. a4 c5 12. Ra3 Nb4 13. dxc5 Qxd1 14. Bxd1 Nxc2 15. Bxc2 Bxc2 16. Bg5 Bxg5 17. Nxg5 Nd7 18. c6 bxc6 19. bxc6 Nb6 20. a5 Nd5 21. Nc3 Nb4 22. Rc1 Ke7 23. Na2 Nxa2 24. Rxa2 Bg6 25. Rb2 Rhc8 26. Rb7+ Kf6 27. h4 h6 28. Nf3 Be4 29. Rc4 Bxc6 30. Rf4+ Kg6 31. Ne5+ Kh7 32. Nxc6 Rxc6 33. Rfxf7 Rg8 34. Rxa7 h5 35. Rab7 Ra6 36. Rb5 Kg6 37. Rf3 Rga8 38. Rg5+ Kh6 39. Rfg3 R8a7 40. Ra3 Rd7 41. Rb3 Rd1+ 42. Kh2 Ra1 43. Rb8 g6 44. Rbb5 Kg7 45. g3 Kf6 46. Kg2 Ra2 47. Rgc5 Rd6 48. Rc8 Ra6 49. Rb7 R2xa5 50. Rf8+ Ke5 51. Rg7 Ke4 52. Rxg6 Rb5 53. Rf4+ Kd3 54. Rf3+ Kd4 55. Re3 Ra2 56. Rgxe6 Rf5 57. Rf3 Rc5 58. Rf4+ Kd3 59. Re3+ Kd2 60. Rd4+ Kc1 61. Re1+ Kc2 62. Re2+ Kc3 63. Rxa2 Kxd4 64. Ra8 Ke5 65. Rg8 Kf6 66. Kh3 Rc2 67. f3 Rc3 68. Rg5 Rxf3 69. Rxh5 Kg6 70. Ra5 Rb3 71. h5+ Kh6 72. Kh4 Rb4+ 73. g4 Rc4 74. Ra6+ Kh7 75. Kg5 Rc5+ 76. Kf4 Rc4+ 77. Kg3 Rc5 78. Rf6 Rb5 79. Kh4 Ra5 80. Rf5 Ra4 81. Kg5 Rb4 82. Re5 Kh8 83. Kf5 Rb1 84. g5 Rf1+ 85. Kg6 Rf8 86. Re7 Rd8 87. Kf6 Rc8 88. g6 Rb8 89. Kg5 Ra8 90. Kh6 Rb8 91. Rh7+ Kg8 92. Ra7 Kh8 93. Ra5 Rc8 94. Kg5 Rb8 95. Rd5 Ra8 96. Kf5 Rb8 97. Ke6 Rg8 98. Kf6 Re8 99. Kf7 Rf8+ 100. Ke7 Kg7 101. h6+ Kg8 102. Rd8 1-0

[Event "CZE-chT2A 0809"]
[Site "Czech Republic"]
[Date "2008.12.21"]
[Round "5.2"]
[White "Spal, Milan"]
[Black "Cuhra, Martin"]
[Result "1-0"]
[WhiteElo "2255"]
[BlackElo "2143"]
[PlyCount "123"]
[EventDate "2008.10.12"]
[EventType "team-tourn"]
[EventRounds "11"]
[EventCountry "CZE"]
[SourceTitle "EXT 2010"]
[Source "ChessBase"]
[SourceDate "2010.11.25"]
[SourceVersion "1"]
[SourceVersionDate "2010.11.25"]
[SourceQuality "1"]
[WhiteTeam "Pisek Platan"]
[BlackTeam "Ceske Budejovice"]
[WhiteTeamCountry "CZE"]
[BlackTeamCountry "CZE"]

1. e4 e5 2. Nf3 Nc6 3. d4 exd4 4. Nxd4 Bc5 5. Nb3 Bb6 6. Nc3 d6 7. a4 a6 8. Nd5 Ba7 9. Be2 Be6 10. 0-0 Nge7 11. Kh1 Qd7 12. f4 f5 13. Nxe7 Nxe7 14. Nd4 fxe4 15. Nxe6 Qxe6 16. Bh5+ g6 17. Bg4 Nf5 18. Ra3 0-0-0 19. Bh3 h5 20. Rg3 Kb8 21. Rg5 Qf7 22. c3 d5 23. Qe2 Bc5 24. b4 Be7 25. b5 axb5 26. axb5 Bxg5 27. fxg5 b6 28. Bxf5 gxf5 29. Qa2 Qd7 30. Qa4 Rhe8 31. Bf4 Qc8 32. Qd4 Qb7 33. g6 Qa7 34. h3 Rg8 35. g7 Qa5 36. Rb1 Kb7 37. Qf6 Rd7 38. Qc6+ Kc8 39. Be5 Qa2 40. Rb2 Qa1+ 41. Kh2 Rgxg7 42. Bxg7 Rxg7 43. Rf2 Qa3 44. Rxf5 Qd6+ 45. Kg1 Qxc6 46. bxc6 Rg8 47. Rxh5 Rd8 48. Kf2 b5 49. Ke3 Kb8 50. Kd4 Ka7 51. Kc5 Ka6 52. Re5 Ka5 53. Re7 Ka4 54. Rxc7 Re8 55. Kd4 Kb3 56. Ra7 Kb2 57. Rf7 e3 58. Kd3 Kb3 59. Rf1 Rc8 60. Rb1+ Ka2 61. Rxb5 Rxc6 62. Rxd5 1-0

[Event "CZE-chT2A 0809"]
[Site "Czech Republic"]
[Date "2008.10.12"]
[Round "1.2"]
[White "Spal, Milan"]
[Black "Simek, Petr1111"]
[Result "1-0"]
[WhiteElo "2255"]
[BlackElo "2253"]
[PlyCount "58"]
[EventDate "2008.10.12"]
[EventType "team-tourn"]
[EventRounds "11"]
[EventCountry "CZE"]
[SourceTitle "EXT 2010"]
[Source "ChessBase"]
[SourceDate "2010.11.25"]
[SourceVersion "1"]
[SourceVersionDate "2010.11.25"]
[SourceQuality "1"]
[WhiteTeam "Pisek Platan"]
[BlackTeam "Kobylisy"]
[WhiteTeamCountry "CZE"]
[BlackTeamCountry "CZE"]

1. e4 Nf6 2. e5 Nd5 3. d4 d6 4. c4 Nb6 5. exd6 exd6 6. Nc3 Be7 7. Bd3 0-0 8. Nf3 Nc6 9. h3 g6 10. b3 Bf6 11. Be3 Nb4 12. Bb1 c5 13. Ne4 Bg7 14. 0-0 f5 15. Bg5 Qd7 16. Ng3 Nc6 17. Ne2 d5 18. cxd5 Qxd5 19. a3 Nxd4 20. Nexd4 cxd4 21. b4 Kh8 22. Ba2 Qd6 23. Re1 Nd5 24. Qb3 Nf6 25. Ne5 Ne4 26. Nf7+ Rxf7 27. Qxf7 Bd7 28. Be7 Qe5 29. f4 d3 1-0

[Event "Tabor op"]
[Site "Tabor"]
[Date "2008.08.03"]
[Round "9"]
[White "Janocko, Petr"]
[Black "Spal, Milan"]
[Result "0-1"]
[WhiteElo "2063"]
[BlackElo "2255"]
[PlyCount "80"]
[EventDate "2008.07.26"]
[EventType "swiss"]
[EventRounds "9"]
[EventCountry "CZE"]
[SourceTitle "CBM 125 Extra"]
[Source "ChessBase"]
[SourceDate "2008.09.01"]
[SourceVersion "1"]
[SourceVersionDate "2008.09.01"]
[SourceQuality "1"]

1. d4 c5 2. d5 g6 3. c4 Bg7 4. g3 d6 5. Bg2 f5 6. e4 fxe4 7. Bxe4 Nf6 8. Bg2 Na6 9. a3 0-0 10. Ne2 Nc7 11. 0-0 b5 12. cxb5 Nxb5 13. Nbc3 Nxc3 14. Nxc3 Rb8 15. Qe2 Bf5 16. h3 Kh8 17. Kh2 Qc7 18. Re1 Rf7 19. Qa6 Rb3 20. Qa4 Qb8 21. Qh4 Bd3 22. Re3 c4 23. Nd1 Qf8 24. Kg1 Nd7 25. Be4 Ne5 26. Bxd3 Rxd3 27. Rxd3 cxd3 28. Kg2 Nf3 29. Qb4 Qa8 30. Qa5 Nd4 31. Rb1 d2 32. Bxd2 Nb3 33. Qb5 Nxd2 34. Rc1 Rf8 35. Rc7 Nf3 36. Rxe7 Nd4 37. Qa5 Nf5 38. Rxa7 Qe8 39. Nc3 Bd4 40. Rc7 Nh4+ 0-1

[Event "Tabor op"]
[Site "Tabor"]
[Date "2008.08.02"]
[Round "8"]
[White "Spal, Milan"]
[Black "Janecek, Josef"]
[Result "1/2-1/2"]
[WhiteElo "2255"]
[BlackElo "2090"]
[PlyCount "120"]
[EventDate "2008.07.26"]
[EventType "swiss"]
[EventRounds "9"]
[EventCountry "CZE"]
[SourceTitle "CBM 125 Extra"]
[Source "ChessBase"]
[SourceDate "2008.09.01"]
[SourceVersion "1"]
[SourceVersionDate "2008.09.01"]
[SourceQuality "1"]

1. e4 c5 2. Nc3 Nc6 3. Bb5 Nd4 4. Bc4 e6 5. Nf3 Nf6 6. 0-0 b5 7. Nxb5 Nxb5 8. Bxb5 Nxe4 9. d4 Be7 10. d5 0-0 11. Bf4 Bb7 12. Ne5 exd5 13. Nxd7 Qa5 14. a4 Rfd8 15. Ne5 Qb6 16. h3 c4 17. Nd7 Qe6 18. f3 Bc5+ 19. Nxc5 Nxc5 20. Qd4 Qc8 21. a5 Ne6 22. Qe3 Nxf4 23. a6 Ne6 24. axb7 Qxb7 25. Ba6 Qxb2 26. c3 Qb6 27. Kf2 Nc5 28. Rfb1 Nd3+ 29. Ke2 Qg6 30. Kf1 Re8 31. Qd4 Qe6 32. Bb5 Re7 33. Ba4 h6 34. Kg1 Rd8 35. Bc2 Qe2 36. Bxd3 Qxd3 37. Qxd3 cxd3 38. Rd1 Re2 39. Rxd3 Rb8 40. f4 Rbb2 41. Rg3 Ra2 42. Rxa2 Rxa2 43. Rd3 Ra5 44. Kf2 Kf8 45. Ke3 Ke7 46. Rd2 Rc5 47. Kd3 a5 48. Rb2 a4 49. Rb7+ Kf6 50. Ra7 Rc4 51. g3 g5 52. Ra6+ Kf5 53. Rxh6 gxf4 54. g4+ Ke5 55. Rh5+ Ke6 56. Rh6+ Ke5 57. Rh5+ Kd6 58. Rh6+ Ke7 59. Rh5 Ke6 60. Rh6+ Ke5 1/2-1/2

[Event "Tabor op"]
[Site "Tabor"]
[Date "2008.08.01"]
[Round "7"]
[White "Cuhra, Martin"]
[Black "Spal, Milan"]
[Result "1-0"]
[WhiteElo "2143"]
[BlackElo "2255"]
[PlyCount "81"]
[EventDate "2008.07.26"]
[EventType "swiss"]
[EventRounds "9"]
[EventCountry "CZE"]
[SourceTitle "CBM 125 Extra"]
[Source "ChessBase"]
[SourceDate "2008.09.01"]
[SourceVersion "1"]
[SourceVersionDate "2008.09.01"]
[SourceQuality "1"]

1. d4 g6 2. c4 Bg7 3. Nc3 c5 4. Nf3 cxd4 5. Nxd4 Nc6 6. Nc2 Bxc3+ 7. bxc3 d6 8. e4 Nf6 9. f3 Qa5 10. Bd2 Bd7 11. Ne3 Ne5 12. Nd5 Nxd5 13. cxd5 Rc8 14. Qb3 Qc5 15. Qxb7 0-0 16. Qb4 Qxb4 17. cxb4 f5 18. h3 fxe4 19. fxe4 Rc2 20. a4 Rfc8 21. Ba6 R8c7 22. Ke2 Nc4 23. Bxc4 R2xc4 24. Kd3 a6 25. Rhf1 h5 26. Rfb1 e6 27. dxe6 Bxe6 28. b5 axb5 29. axb5 Rb7 30. b6 Rc8 31. Ra7 Rcb8 32. Rxb7 Rxb7 33. Be3 d5 34. Rf1 dxe4+ 35. Kxe4 h4 36. Rf6 Bf5+ 37. Rxf5 gxf5+ 38. Kxf5 Rg7 39. Bf4 Rf7+ 40. Kg4 Rg7+ 41. Kxh4 1-0

[Event "Tabor op"]
[Site "Tabor"]
[Date "2008.07.30"]
[Round "5"]
[White "Vesselovsky, Serguei"]
[Black "Spal, Milan"]
[Result "1-0"]
[WhiteElo "2377"]
[BlackElo "2255"]
[PlyCount "73"]
[EventDate "2008.07.26"]
[EventType "swiss"]
[EventRounds "9"]
[EventCountry "CZE"]
[SourceTitle "CBM 125 Extra"]
[Source "ChessBase"]
[SourceDate "2008.09.01"]
[SourceVersion "1"]
[SourceVersionDate "2008.09.01"]
[SourceQuality "1"]

1. e4 c5 2. Nc3 Nc6 3. Nf3 a6 4. d4 cxd4 5. Nxd4 d6 6. Be3 e6 7. Bc4 Nge7 8. Bb3 Nxd4 9. Qxd4 Nc6 10. Qb6 Qxb6 11. Bxb6 Bd7 12. 0-0-0 Na7 13. f4 Nc8 14. Bd4 b5 15. f5 Na7 16. Bb6 Be7 17. Bc7 Nc8 18. Ba5 Bg5+ 19. Kb1 Bf4 20. Ne2 Be5 21. Nd4 Ke7 22. fxe6 fxe6 23. Nf3 Bf4 24. Rhf1 Na7 25. Be1 Nc6 26. Bh4+ Ke8 27. Ng5 Bxg5 28. Bxg5 h6 29. Bh4 Na5 30. Rxd6 Nxb3 31. axb3 g5 32. Bg3 Ke7 33. Rfd1 Rhd8 34. Be5 Ra7 35. Bg7 Kf7 36. Bd4 Rb7 37. Bb6 1-0

[Event "Tabor op"]
[Site "Tabor"]
[Date "2008.07.28"]
[Round "3"]
[White "Trepka, Jan"]
[Black "Spal, Milan"]
[Result "1/2-1/2"]
[WhiteElo "2078"]
[BlackElo "2255"]
[PlyCount "113"]
[EventDate "2008.07.26"]
[EventType "swiss"]
[EventRounds "9"]
[EventCountry "CZE"]
[SourceTitle "CBM 125 Extra"]
[Source "ChessBase"]
[SourceDate "2008.09.01"]
[SourceVersion "1"]
[SourceVersionDate "2008.09.01"]
[SourceQuality "1"]

1. d4 c5 2. Nf3 cxd4 3. Nxd4 Nf6 4. c4 e6 5. Nc3 a6 6. Bg5 h6 7. Bh4 Be7 8. e3 0-0 9. Bd3 d6 10. 0-0 Nbd7 11. Bxf6 Bxf6 12. Ne4 Be7 13. Rc1 Nc5 14. Bb1 Nxe4 15. Bxe4 Qa5 16. Qb3 Qc7 17. Rfd1 Rb8 18. a3 Bd7 19. Qd3 Rfc8 20. g3 Bf8 21. b4 Ba4 22. Nb3 Qe7 23. Re1 Rc7 24. c5 Rbc8 25. cxd6 Qxd6 26. Qxd6 Bxd6 27. Bxb7 Rxc1 28. Rxc1 Rxc1+ 29. Nxc1 Bb5 30. f4 Bc4 31. Kf2 Kf8 32. Ne2 Ke7 33. Nc3 Bc7 34. Na4 a5 35. e4 axb4 36. axb4 Kd6 37. e5+ Ke7 38. Ke3 Bb3 39. Nc5 Bb6 40. Kd3 Bd1 41. Be4 f6 42. Kd4 fxe5+ 43. Kxe5 Bc7+ 44. Kd4 g5 45. fxg5 hxg5 46. Bd3 Bb6 47. Kc4 Bf3 48. Kb5 Bc7 49. Be4 Bh5 50. Kc6 Be5 51. Nd3 Bd4 52. Kc7 Bg1 53. h4 gxh4 54. gxh4 Bh2+ 55. Kc8 Be8 56. h5 Bxh5 57. b5 1/2-1/2

[Event "Tabor op"]
[Site "Tabor"]
[Date "2007.08.03"]
[Round "7"]
[White "Spal, Milan"]
[Black "Vybiral, Zdenek"]
[Result "0-1"]
[WhiteElo "2247"]
[BlackElo "2179"]
[PlyCount "60"]
[EventDate "2007.07.29"]
[EventType "swiss"]
[EventRounds "9"]
[EventCountry "CZE"]
[SourceTitle "EXT 2009"]
[Source "ChessBase"]
[SourceDate "2008.11.26"]
[SourceVersion "1"]
[SourceVersionDate "2008.11.26"]
[SourceQuality "1"]

1. e4 e6 2. Nf3 c5 3. b3 Nc6 4. Bb2 d6 5. Bb5 Bd7 6. 0-0 Nf6 7. d3 Be7 8. Nbd2 0-0 9. a4 b6 10. Nc4 e5 11. a5 Nxa5 12. Bxd7 Nxc4 13. bxc4 Nxd7 14. Bc3 a6 15. Qb1 Qc7 16. Ra3 Qc6 17. Qa2 b5 18. Bd2 b4 19. Ra4 a5 20. Rxa5 Rxa5 21. Qxa5 Ra8 22. Qb5 Qc7 23. Bxb4 cxb4 24. Qxb4 h6 25. h4 Nc5 26. Rb1 Qd7 27. Rb2 Qg4 28. Qb6 Ne6 29. Nh2 Qd1+ 30. Nf1 Ra1 0-1